2021 top 20 airlines according to Skytrax - Statistics

General Stats
  • This quiz has been taken 53 times
  • The average score is 12 of 20
Answer Stats
Hint Answer % Correct
3rd ANA All Nippon Airways
91%
4th Emirates
89%
13th Lufthansa
82%
8th Qantas
77%
11th British Airways
75%
10th Air France
70%
16th KLM Royal Dutch Airlines
70%
5th Japan Airlines
68%
6th Cathay Pacific
66%
1st Qatar Airways
61%
2nd Singapore Airlines
59%
17th Turkish Airlines
59%
20th Air New Zealand
52%
12th China Southern Airlines
45%
7th EVA Air
43%
18th Swiss International Airlines
43%
9th Hainan Airlines
41%
14th Aeroflot
39%
15th Garuda Indonesia
36%
19th Bangkok Airways
16%
No matching quizzes found
Score Distribution
Percent of People with Each Score
Percentile by Number Answered
Your Score History
You have not taken this quiz